Eurovision Song Contest 2016 - Statistics

General Stats
  • This quiz has been taken 143 times
  • The average score is 52 of 84
Answer Stats
Country Act or Song % Correct
Ukrainian Act Jamala
83%
Ukrainian Song 1944
82%
Swedish Act Frans
80%
Russian Act Sergey Lazarev
79%
Australian Song Sound of Silence
79%
Croatian Song Lighthouse
77%
Australian Act Dami Im
75%
German Song Ghost
75%
Swedish Song If I Were Sorry
75%
Dutch Song Slow Down
73%
Hungarian Act Freddie
72%
Czech Song I Stand
71%
Armenian Song LoveWave
71%
Hungarian Song Pioneer
71%
Sammarinese Act Serhat
71%
Austrian Act ZOË
71%
French Act Amir
70%
Latvian Act Justs
70%
Israeli Song Made of Stars
70%
Bulgarian Act Poli Genova
70%
Latvian Song Heartbeat
69%
Bulgarian Song If Love Was a Crime
69%
Austrian Song Loin d'ici
69%
Azerbaijani Song Miracle
69%
Greek Song Utopian Land
69%
Maltese Song Walk on Water
69%
Maltese Act Ira Losco
68%
French Song J'ai cherché
68%
Dutch Act Douwe Bob
67%
Finnish Song Sing It Away
67%
Russian Song You Are the Only One
67%
Norwegian Song Icebreaker
66%
Sammarinese Song I Didn't Know
66%
Estonian Song Play
66%
Spanish Song Say Yay!
65%
Cypriotic Act Minus One
64%
Spanish Act Barei
63%
Israeli Act Hovi Star
63%
Azerbaijani Act Samra
63%
Irish Song Sunlight
63%
Belgian Song What's the Pressure
63%
Song of F.Y.R. Macedonia Dona
62%
Lithuanian Act Donny Montell
62%
Belarusian Act IVAN
62%
German Act Jamie-Lee
62%
Belgian Act Laura Tesoro
62%
Norwegian Act Agnete
61%
Act of F.Y.R. Macedonia Kaliopi
61%
Italian Song No Degree of Separation
61%
Lithuanian Song I've Been Waiting for This Night
60%
Swiss Act Rykka
60%
Cypriotic Song Alter Ego
59%
Polish Song Color of Your Life
59%
Icelandic Act Greta Salóme
59%
Icelandic Song Hear Them Calling
59%
Serbian Song Goodbye (Shelter)
58%
Estonian Act Jüri Pootsmann
58%
Albanian Song Fairytale
57%
Bosnia & Herzegovinan Song Ljubav je
57%
Finnish Act Sandhja
57%
Greek Act Argo
56%
Swiss Song The Last of Our Kind
56%
Slovenian Song Blue and Red
55%
British Act Joe and Jake
55%
Danish Song Soldiers of Love
55%
Moldovan Song Falling Stars
54%
Polish Act Michał Szpak
54%
Croatian Act Nina Kraljić
54%
Montenegrine Song The Real Thing
54%
British Song You're Not Alone
54%
Italian Act Francesca Michielin
52%
Irish Act Nicky Byrne
52%
Belarusian Song Help You Fly
51%
Moldovan Act Lidia Isac
49%
Danish Act Lighthouse X
49%
Slovenian Act ManuElla
49%
Georgian Song Midnight Gold
49%
Montenegrine Act Highway
48%
Armenian Act Iveta Mukuchyan
48%
Czech Act Gabriela Gunčíková
46%
Serbian Act Sanja Vučić ZAA
45%
Georgian Act Nika Kocharov and Young Georgian Lolitaz
22%
Bosnia & Herzegovinan Act Dalal & Deen feat. Ana Rucner and Jala
20%
Albanian Act Enede Tarifa
18%
No matching quizzes found
Score Distribution
Percent of People with Each Score
Percentile by Number Answered
Your Score History
You have not taken this quiz